NFL Starting QBs 2024/2025 - Statistiken

Allgemein
  • Dieses Quiz wurde 1.242 mal gespielt
  • Das Durchschnittsergebnis liegt bei 23 aus 32
Antwortstatistiken
Team QB % Korrekt
Buffalo Bills Josh Allen
97%
Kansas City Chiefs Patrick Mahomes
97%
Baltimore Ravens Lamar Jackson
96%
Cincinnati Bengals Joe Burrow
93%
New York Jets Aaron Rodgers
89%
Philadelphia Eagles Jalen Hurts
86%
Detroit Lions Jared Goff
84%
San Francisco 49ers Brock Purdy
82%
Green Bay Packers Jordan Love
80%
Los Angeles Chargers Justin Herbert
80%
Dallas Cowboys Dak Prescott
79%
Houston Texans CJ Stroud
78%
Los Angeles Rams Matthew Stafford
78%
Jacksonville Jaguars Trevor Lawrence
77%
Tampa Bay Buccaneers Baker Mayfield
75%
Denver Broncos Bo Nix
73%
Pittsburgh Steelers Russell Wilson
73%
New England Patriots Drake Maye
70%
Atlanta Falcons Kirk Cousins
69%
New York Giants Daniel Jones
67%
Seattle Seahawks Geno Smith
67%
Washington Commanders Jayden Daniels
67%
Arizona Cardinals Kyler Murray
67%
Chicago Bears Caleb Williams
64%
Carolina Panthers Bryce Young
62%
Miami Dolphins Tua Tagovailoa
62%
Indianapolis Colts Anthony Richardson
57%
Cleveland Browns Deshaun Watson
57%
New Orleans Saints Derek Carr
56%
Minnesota Vikings JJ McCarthy
49%
Tennessee Titans Will Levis
41%
Las Vegas Raiders Aidan O'Connell
18%
Keine übereinstimmenden Quizze gefunden
Verteilung der Resultate
Anzahl Personen mit jedem Resultat
Perzentil nach korrekt beantworteten Fragen
Ihre Resultats-Entwicklung
Sie haben dieses Quiz noch nicht gespielt